000 01295nac a22003371i 4500
003 EG-ScBUE
005 20250323092914.0
008 250309s2000 ii a f 001 0 eng d
020 _a0070435286
020 _a9780070435285
040 _aEG-ScBUE
_beng
_erda
_cEG-ScBUE
_dEG-ScBUE
082 0 4 _a512.9
_bSPI
_222
100 1 _aSpiegel, Murray R.,
_eauthor.
245 1 0 _aSchaum's outline of theory and problems of college algebra /
_cMurray R. Speigel, Ph.D., former professor and chairman mathematics department, Rensselear polytechnic Institute, Hartford graduate center, Robert E. Moyer, Ph.D., professor of mathematics, Fort Valley state university.
246 3 0 _aTheory and problems of college algebra
246 3 0 _aCollege algebra
250 _aSecond edition.
264 1 _aNew Delhi :
_bTata McGraw-Hill Publishing Company Limited,
_c2000.
300 _ax, 405 pages :
_billustrations ;
_c28 cm.
336 _2rdacontent
_atext
_btxt
337 _aunmediated
_2rdamedia
_bn
338 _avolume
_bnc
_2rdacarrier
490 0 _aSchaum's outline series
500 _aPrevious edition : 1998.
500 _aIncludes index.
500 _aIncludes Appendices.
650 7 _aAlgebra.
_2BUEsh
655 _vReading book
700 1 _aMoyer, Robert E.,
_eauthor.
942 _cBB
_2ddc
999 _c1339
_d1339